The Morality of Capitalism / (Record no. 530178)
[ view plain ]
| 000 -LEADER | |
|---|---|
| fixed length control field | 00316nam a22001337a 4500 |
| 003 - CONTROL NUMBER IDENTIFIER | |
| control field | NUST |
| 038 ## - RECORD CONTENT LICENSOR | |
| Staff Name | waseem |
| 082 ## - DEWEY DECIMAL CLASSIFICATION NUMBER | |
| Classification number | 342 |
| Author Mark | MEH |
| 100 ## - MAIN ENTRY--PERSONAL NAME | |
| Personal name | Mehar, Ayub |
| 9 (RLIN) | 23449 |
| 245 ## - TITLE STATEMENT | |
| Title | The Morality of Capitalism / |
| Statement of responsibility, etc. | Ayub Mehar |
| 260 ## - PUBLICATION, DISTRIBUTION, ETC. | |
| Place of publication, distribution, etc. | Lahore : |
| Name of publisher, distributor, etc. | Ajmal Publications, |
| Date of publication, distribution, etc. | 2013. |
| 300 ## - PHYSICAL DESCRIPTION | |
| Extent | 140 p. ; |
| 942 ## - ADDED ENTRY ELEMENTS (KOHA) | |
| Source of classification or shelving scheme | |
| Koha item type | Book |
| Withdrawn status | Lost status | Source of classification or shelving scheme | Damaged status | Not for loan | Permanent Location | Current Location | Date acquired | Source of acquisition | Total Checkouts | Full call number | Barcode | Date last seen | Price effective from | Koha item type |
|---|---|---|---|---|---|---|---|---|---|---|---|---|---|---|
| Central Library (CL) | Central Library (CL) | 10/13/2019 | Donation | 342 MEH | CL-D-656 | 10/13/2019 | 10/13/2019 | Book | ||||||
| NUST Law School (NLS) | NUST Law School (NLS) | 10/13/2019 | Donation | 342 MEH | CL-D-657 | 10/24/2024 | 10/13/2019 | Book | ||||||
| NUST Law School (NLS) | NUST Law School (NLS) | 01/26/2020 | Donation | 342 MEH | CL-D-874 | 01/26/2020 | 01/26/2020 | Book |
